| 000 | 00595nam a2200217 a 4500 | ||
|---|---|---|---|
| 003 | SISC | ||
| 005 | 20170125153337.0 | ||
| 008 | 111003s19uu xx 00 eng d | ||
| 020 | _a9780071289375 | ||
| 050 |
_aHD 39.5 _b.J636 2011 |
||
| 100 | _aJohnson, P. Fraser. | ||
| 245 |
_aPurchasing and supply management / _cP. Fraser Johnson. |
||
| 250 | _a14th edition. | ||
| 260 |
_aBoston : _bMcGraw Hill, _c2011. |
||
| 300 |
_a526 pages ; _c26 cm. |
||
| 650 | _aIndustrial procurement | ||
| 700 | _aLeenders, Michiel. | ||
| 700 | _aFlynn, Anna. | ||
| 942 |
_cBK _2lcc _kFOR |
||
| 999 |
_c24401 _d24401 |
||